|
|
|
|
| LEADER |
00692nab a2200193 i 4500 |
| 001 |
publ27504 |
| 005 |
20230621090317.0 |
| 008 |
230621s2019 hu o 0|| Magyar d |
| 022 |
|
|
|a 1789-6991
|
| 024 |
7 |
|
|a 30941147
|2 mtmt
|
| 040 |
|
|
|a SZTE Publicatio Repozitórium
|b hun
|
| 041 |
|
|
|a Magyar
|
| 100 |
1 |
|
|a Csatlós Erzsébet
|
| 245 |
1 |
3 |
|a Az EU ideiglenes úti okmánya
|h [elektronikus dokumentum] :
|b a reformfolyamat alapjogi megközelítésből /
|c Csatlós Erzsébet
|
| 260 |
|
|
|c 2019
|
| 300 |
|
|
|a 10-20
|
| 490 |
0 |
|
|a KÖZJOGI SZEMLE
|v 12 No. 3
|
| 650 |
|
4 |
|a Jogtudomány
|
| 856 |
4 |
0 |
|u http://publicatio.bibl.u-szeged.hu/27504/1/AzEUideiglenesutiokmanyaAreformfolyamatalapjogi.pdf
|z Dokumentum-elérés
|